[Event "4NCL9495 2nd Season"]
[Site "Various Venues"]
[Date "1994.11.26"]
[Round "3.5"]
[White "Cooper, Lawrence"]
[Black "Byway, Paul V"]
[Result "1-0"]
[WhiteElo "2305"]
[BlackElo "2295"]
[PlyCount "81"]
[EventDate "1994.10.01"]
[EventType "team-tourn"]
[EventRounds "11"]
[EventCountry "GBR"]
[SourceTitle "BritBase 17May2020"]
[SourceDate "2020.05.17"]
[SourceVersionDate "2020.05.17"]
[WhiteTeam "Midland Monarchs"]
[BlackTeam "Barbican"]
[WhiteTeamCountry "ENG"]
[BlackTeamCountry "ENG"]

1. e4 e6 2. d4 d5 3. Nd2 Nf6 4. e5 Nfd7 5. f4 c5 6. c3 Nc6 7. Ndf3 Qb6 8. h4 f6
9. a3 a5 10. g3 Be7 11. Bh3 Nf8 12. Kf2 cxd4 13. cxd4 fxe5 14. fxe5 Ng6 15. Kg2
O-O 16. Rh2 a4 17. Kh1 Bd7 18. Bg5 h6 19. h5 Nh8 20. Bf4 Na5 21. Bg4 Qb3 22.
Nh3 Qxd1+ 23. Rxd1 Rfc8 24. Be3 Nc4 25. Bc1 Rc6 26. Nf4 Bc8 27. Rf1 Kh7 28.
Rhf2 Nb6 29. Nh4 Bxh4 30. gxh4 Bd7 31. Be2 Rcc8 32. Bd3+ Kg8 33. Bd2 Nc4 34.
Bb4 Ne3 35. Rg1 Re8 36. Rg3 Nf5 37. Bxf5 exf5 38. Rfg2 g6 39. hxg6 Be6 40. g7
Nf7 41. Nh5 1-0

[Event "4NCL9495 2nd Season"]
[Site "Various Venues"]
[Date "1994.11.26"]
[Round "3.6"]
[White "Reuben, Stewart"]
[Black "Hunt, Harriet V"]
[Result "0-1"]
[WhiteElo "2270"]
[BlackElo "2265"]
[PlyCount "94"]
[EventDate "1994.10.01"]
[EventType "team-tourn"]
[EventRounds "11"]
[EventCountry "GBR"]
[SourceTitle "BritBase 17May2020"]
[SourceDate "2020.05.17"]
[SourceVersionDate "2020.05.17"]
[WhiteTeam "Barbican"]
[BlackTeam "Midland Monarchs"]
[WhiteTeamCountry "ENG"]
[BlackTeamCountry "ENG"]

1. c4 e6 2. Nc3 d5 3. d4 Nf6 4. Bg5 Be7 5. e3 O-O 6. Nf3 h6 7. Bh4 b6 8. Rc1
Bb7 9. Bxf6 Bxf6 10. cxd5 exd5 11. b4 c6 12. Bd3 Qd6 13. Qb3 Nd7 14. O-O a5 15.
a3 Be7 16. Bf5 axb4 17. axb4 Nf6 18. Na4 Ba6 19. Rfd1 Bc4 20. Qc2 Qxb4 21. Nb2
Ra2 22. Rb1 Bb5 23. Rdc1 Rfa8 24. Ne5 c5 25. Qc3 Qxc3 26. Rxc3 c4 27. Nd1 Ba4
28. Rcc1 Bxd1 29. Rxd1 g6 30. Bd7 c3 31. Rbc1 c2 32. Rd2 Ba3 33. Rdxc2 Bxc1 34.
Rxc1 Ra1 35. Rf1 Ne4 36. f3 Nc3 37. Bc6 Rxf1+ 38. Kxf1 Ra1+ 39. Kf2 b5 40. Nd3
Ra2+ 41. Kg3 Kf8 42. Nb4 Rb2 43. Nxd5 Nxd5 44. Bxd5 b4 45. f4 b3 46. Kf3 Rb1
47. Be4 Rc1 0-1

[Event "4NCL9495 2nd Season"]
[Site "Various Venues"]
[Date "1994.11.26"]
[Round "3.7"]
[White "Baker, Chris W"]
[Black "Flower, David"]
[Result "1-0"]
[WhiteElo "2260"]
[BlackElo "2060"]
[PlyCount "77"]
[EventDate "1994.10.01"]
[EventType "team-tourn"]
[EventRounds "11"]
[EventCountry "GBR"]
[SourceTitle "BritBase 17May2020"]
[SourceDate "2020.05.17"]
[SourceVersionDate "2020.05.17"]
[WhiteTeam "Midland Monarchs"]
[BlackTeam "Barbican"]
[WhiteTeamCountry "ENG"]
[BlackTeamCountry "ENG"]

1. e4 e5 2. Nf3 d6 3. d4 exd4 4. Nxd4 g6 5. Bc4 Bg7 6. O-O Nc6 7. Nxc6 bxc6 8.
Nc3 Be6 9. Qe2 Ne7 10. Bg5 O-O 11. Nd5 cxd5 12. exd5 h6 13. Bxe7 Qxe7 14. dxe6
f5 15. Bd5 Rab8 16. Rab1 Rb6 17. c4 Rfb8 18. b3 c6 19. c5 dxc5 20. Bc4 Rd8 21.
Rbd1 Bd4 22. h4 Kg7 23. h5 g5 24. Rfe1 Re8 25. Rd3 Qf6 26. Rf3 g4 27. Rd3 Rb7
28. g3 Rbe7 29. Kg2 Qg5 30. b4 f4 31. gxf4 Qxh5 32. Rg3 Kf6 33. Rh1 Qg6 34.
Rxg4 Qxg4+ 35. Qxg4 Rg7 36. Rxh6+ Ke7 37. Rg6 Reg8 38. Qg5+ Ke8 39. Bd3 1-0

[Event "4NCL9495 2nd Season"]
[Site "Various Venues"]
[Date "1994.11.26"]
[Round "3.1"]
[White "Cooper, John Grantley"]
[Black "Beaumont, Chris"]
[Result "1-0"]
[WhiteElo "2380"]
[BlackElo "2350"]
[PlyCount "59"]
[EventDate "1994.10.01"]
[EventType "team-tourn"]
[EventRounds "11"]
[EventCountry "GBR"]
[SourceTitle "BritBase"]
[SourceDate "2020.05.17"]
[SourceVersion "1"]
[SourceVersionDate "2020.05.17"]
[SourceQuality "1"]
[WhiteTeam "South Wales Dragons"]
[BlackTeam "Bristol"]
[WhiteTeamCountry "WLS"]
[BlackTeamCountry "ENG"]

1. d4 Nf6 2. c4 c5 3. d5 b5 4. cxb5 a6 5. bxa6 g6 6. Nc3 Bxa6 7. g3 d6 8. Bg2
Bg7 9. Nf3 Nbd7 10. O-O Nb6 11. Re1 O-O 12. Bf4 Nc4 13. Qc1 Qa5 14. Nd2 Rab8
15. Nxc4 Bxc4 16. b3 Ba6 17. Bd2 Rfc8 18. Nd1 Qb6 19. Bc3 Bb7 20. Ne3 Qa7 21.
Qd2 Bh6 22. f4 c4 23. Bd4 c3 24. Bxa7 cxd2 25. Red1 Ra8 26. Bd4 Ra5 27. Nc4
Rxd5 28. Bxf6 exf6 29. Bxd5 Bxd5 30. Nb6 1-0

[Event "4NCL9495 2nd Season"]
[Site "Various Venues"]
[Date "1994.11.26"]
[Round "3.2"]
[White "Karlsson, Agust Sindri"]
[Black "Zeidler, Sven"]
[Result "1-0"]
[WhiteElo "2315"]
[BlackElo "2215"]
[PlyCount "133"]
[EventDate "1994.10.01"]
[EventType "team-tourn"]
[EventRounds "11"]
[EventCountry "GBR"]
[SourceTitle "BritBase"]
[SourceDate "2020.05.17"]
[SourceVersion "1"]
[SourceVersionDate "2020.05.17"]
[SourceQuality "1"]
[WhiteTeam "Bristol"]
[BlackTeam "South Wales Dragons"]
[WhiteTeamCountry "ENG"]
[BlackTeamCountry "WLS"]

1. e4 d5 2. exd5 Qxd5 3. Nc3 Qa5 4. d4 Nf6 5. Bc4 Nc6 6. d5 Ne5 7. Bb3 c6 8.
Qe2 Qc7 9. Bf4 Nd3+ 10. Qxd3 Qxf4 11. dxc6 bxc6 12. Rd1 Qc7 13. Ne4 Nxe4 14.
Qxe4 e6 15. Nf3 Be7 16. O-O O-O 17. Rfe1 Bf6 18. Ne5 Rb8 19. f4 c5 20. c3 Bb7
21. Qe2 Bxe5 22. Qxe5 Qc6 23. Rd2 Rfd8 24. Rf2 Qd6 25. Qe3 g6 26. h4 h5 27. Qg3
Kg7 28. Qg5 Re8 29. Rd1 Qb6 30. Qe5+ Kg8 31. Rd6 Bc6 32. f5 gxf5 33. Rd3 Be4
34. Rg3+ Kf8 35. Kh2 Ke7 36. Rd2 Rg8 37. Ba4 Rbd8 38. Rxg8 Rxg8 39. g3 Rd8 40.
Rxd8 Qxd8 41. Qxc5+ Kf6 42. Qd4+ Qxd4 43. cxd4 Bf3 44. Bb3 Ke7 45. Kg1 Kd6 46.
a3 f6 47. Kf2 Bc6 48. Ke3 Be8 49. Kf4 Bg6 50. Bc4 Bf7 51. Ke3 Bg6 52. b4 e5 53.
a4 Be8 54. a5 Kc6 55. Be6 Kb5 56. d5 Kxb4 57. d6 f4+ 58. gxf4 exf4+ 59. Kxf4
Kxa5 60. d7 Bxd7 61. Bxd7 Kb6 62. Kf5 Kc7 63. Ba4 Kd8 64. Kxf6 a6 65. Bd1 Ke8
66. Bxh5+ Kf8 67. Bf7 1-0

[Event "4NCL9495 2nd Season"]
[Site "Various Venues"]
[Date "1994.11.26"]
[Round "3.3"]
[White "James, David J"]
[Black "Wall, Gavin"]
[Result "1-0"]
[WhiteElo "2250"]
[BlackElo "2275"]
[PlyCount "79"]
[EventDate "1994.10.01"]
[EventType "team-tourn"]
[EventRounds "11"]
[EventCountry "GBR"]
[SourceTitle "BritBase"]
[SourceDate "2020.05.17"]
[SourceVersion "1"]
[SourceVersionDate "2020.05.17"]
[SourceQuality "1"]
[WhiteTeam "South Wales Dragons"]
[BlackTeam "Bristol"]
[WhiteTeamCountry "WLS"]
[BlackTeamCountry "ENG"]

1. d4 f5 2. Nf3 Nf6 3. g3 g6 4. Bg2 Bg7 5. b3 O-O 6. Bb2 d6 7. c4 Ne4 8. Nbd2
Nc6 9. e3 e5 10. O-O Nxd2 11. Qxd2 Qe7 12. c5 e4 13. cxd6 Qxd6 14. Ne1 a5 15.
Qc3 Ne7 16. Nc2 b5 17. Rfc1 b4 18. Qd2 Be6 19. Ne1 a4 20. Rc5 a3 21. Bc1 Qxc5
22. dxc5 Bc3 23. Qc2 Bxa1 24. Bd2 Rab8 25. Bf1 c6 26. Bc4 Bd5 27. h4 Bf6 28.
Ng2 Bf7 29. Nf4 Nd5 30. Bxd5 cxd5 31. c6 Be7 32. c7 Rbc8 33. Qc6 d4 34. Nd5
Rfe8 35. exd4 Bxd5 36. Qxd5+ Kg7 37. Qc4 Bf8 38. Bf4 Re7 39. Be5+ Kh6 40. Qc1+
{time} 1-0

[Event "4NCL9495 2nd Season"]
[Site "Various Venues"]
[Date "1994.11.26"]
[Round "3.4"]
[White "Phillips, Roy Jean Noel"]
[Black "Morris, Charles F"]
[Result "0-1"]
[WhiteElo "2130"]
[BlackElo "2195"]
[PlyCount "94"]
[EventDate "1994.10.01"]
[EventType "team-tourn"]
[EventRounds "11"]
[EventCountry "GBR"]
[SourceTitle "BritBase"]
[SourceDate "2020.05.17"]
[SourceVersion "1"]
[SourceVersionDate "2020.05.17"]
[SourceQuality "1"]
[WhiteTeam "Bristol"]
[BlackTeam "South Wales Dragons"]
[WhiteTeamCountry "ENG"]
[BlackTeamCountry "WLS"]

1. e4 e6 2. d3 d5 3. Nd2 Nf6 4. Ngf3 Nc6 5. g3 dxe4 6. dxe4 e5 7. Bg2 Bc5 8.
O-O O-O 9. c3 a5 10. Qc2 b6 11. Nb3 Bd6 12. a4 Ba6 13. Re1 Qc8 14. Nh4 Qe6 15.
Nf5 g6 16. Bg5 Nh5 17. Nxd6 Qxd6 18. Rad1 Qe6 19. Nd2 f6 20. Bh6 Rfd8 21. Nf1
Bc4 22. Ne3 Bb3 23. Rxd8+ Nxd8 24. Qe2 c6 25. Bf3 Nf7 26. Ng4 Bxa4 27. Be3 c5
28. Nh6+ Nxh6 29. Bxh5 Nf7 30. Bg4 Qc6 31. Qf3 Kg7 32. h4 Bc2 33. Bc1 Nd6 34.
h5 Bxe4 35. Qe3 g5 36. Rd1 Rd8 37. f3 Bc2 38. Rd2 Nc4 39. Rxd8 Nxe3 40. Bxe3 f5
41. Bxg5 fxg4 42. fxg4 Qf3 43. Rd7+ Kf8 44. Rd8+ Kf7 45. Rd2 Qxg3+ 46. Rg2 Qe1+
47. Kh2 Be4 0-1

[Event "4NCL9495 2nd Season"]
[Site "Various Venues"]
[Date "1994.11.26"]
[Round "3.5"]
[White "Rayner, Francis"]
[Black "Binks, Michael E"]
[Result "1/2-1/2"]
[WhiteElo "2200"]
[BlackElo "2110"]
[PlyCount "35"]
[EventDate "1994.10.01"]
[EventType "team-tourn"]
[EventRounds "11"]
[EventCountry "GBR"]
[SourceTitle "BritBase"]
[SourceDate "2020.05.17"]
[SourceVersion "1"]
[SourceVersionDate "2020.05.17"]
[SourceQuality "1"]
[WhiteTeam "South Wales Dragons"]
[BlackTeam "Bristol"]
[WhiteTeamCountry "WLS"]
[BlackTeamCountry "ENG"]

1. c4 e6 2. Nf3 d5 3. g3 f5 4. Bg2 Bd6 5. b3 Nf6 6. Bb2 O-O 7. d3 c6 8. Nbd2
Qe7 9. O-O Bd7 10. e4 fxe4 11. dxe4 Nxe4 12. Nxe4 dxe4 13. Nd2 e3 14. fxe3
Rxf1+ 15. Qxf1 Na6 16. Ne4 Bc7 17. Qe1 Be8 18. Rd1 1/2-1/2

[Event "4NCL9495 2nd Season"]
[Site "Various Venues"]
[Date "1994.11.26"]
[Round "3.6"]
[White "Mordue, A Tyson"]
[Black "Richmond, Peter"]
[Result "1-0"]
[WhiteElo "2230"]
[BlackElo "2180"]
[PlyCount "103"]
[EventDate "1994.10.01"]
[EventType "team-tourn"]
[EventRounds "11"]
[EventCountry "GBR"]
[SourceTitle "BritBase"]
[SourceDate "2020.05.17"]
[SourceVersion "1"]
[SourceVersionDate "2020.05.17"]
[SourceQuality "1"]
[WhiteTeam "Bristol"]
[BlackTeam "South Wales Dragons"]
[WhiteTeamCountry "ENG"]
[BlackTeamCountry "WLS"]

1. e4 c5 2. Nf3 Nc6 3. b3 Nf6 4. e5 Nd5 5. Bb2 e6 6. Bb5 Qb6 7. Bxc6 Qxc6 8.
O-O Be7 9. d3 f5 10. Qd2 b6 11. c4 Nc7 12. Nc3 Bb7 13. Rfd1 g5 14. Qe2 g4 15.
Ne1 h5 16. d4 cxd4 17. Rxd4 Bc5 18. Rad1 Bxd4 19. Rxd4 Na6 20. Rd6 Qc8 21. Nb5
Qd8 22. Nd3 Qg5 23. Bc1 Qg7 24. Nf4 Be4 25. Bb2 h4 26. Rd2 Bc6 27. Nd6+ Kf8 28.
Qe3 Qh7 29. Ba3 Kg7 30. b4 Ba4 31. b5 Nb8 32. Nxe6+ dxe6 33. Qg5+ Qg6 34. Qe7+
Kg8 35. Ne8 Nd7 36. Nc7 Nxe5 37. Rd6 f4 38. Bc1 Qg7 39. Qxe6+ Nf7 40. Nxa8 Rh6
41. Qe8+ Kh7 42. Rxh6+ Kxh6 43. Qe6+ Kh5 44. Nc7 Ng5 45. Qe8+ Kh6 46. Nd5 Bc2
47. Qc6+ Kh7 48. Nf6+ Kh6 49. Ne8+ Qg6 50. Bxf4 Bd3 51. Nf6 Be2 52. Ne4 1-0

[Event "4NCL9495 2nd Season"]
[Site "Various Venues"]
[Date "1994.11.26"]
[Round "3.7"]
[White "Saunders, John C"]
[Black "Rudd, Jack"]
[Result "1-0"]
[WhiteElo "2250"]
[BlackElo "2250"]
[PlyCount "95"]
[EventDate "1994.10.01"]
[EventType "team-tourn"]
[EventRounds "11"]
[EventCountry "GBR"]
[SourceTitle "BritBase"]
[SourceDate "2020.05.17"]
[SourceVersion "1"]
[SourceVersionDate "2020.05.17"]
[SourceQuality "1"]
[WhiteTeam "South Wales Dragons"]
[BlackTeam "Bristol"]
[WhiteTeamCountry "WLS"]
[BlackTeamCountry "ENG"]

1. e4 c5 2. c3 Nf6 3. e5 Nd5 4. d4 cxd4 5. Nf3 e6 6. cxd4 d6 7. Nc3 Nxc3 8.
bxc3 Nc6 9. exd6 Bxd6 10. Bd3 h6 11. O-O O-O 12. Re1 b6 13. Qe2 Bb7 14. Qe4 Re8
15. Qh7+ Kf8 16. d5 Na5 17. Qh8+ Ke7 18. Rxe6+ Kd7 19. Rxe8 Qxe8 20. Bb5+ Nc6
21. Qxe8+ Rxe8 22. Be3 Kc7 23. dxc6 Bc8 24. Nd4 a6 25. Bd3 g5 26. a4 Re5 27.
Rb1 Bc5 28. Nf3 Re6 29. Bxc5 bxc5 30. Bf5 Rxc6 31. Bxc8 Kxc8 32. Ne5 Rf6 33. g3
Kc7 34. Kg2 Rf5 35. Nc4 Rf6 36. a5 Rc6 37. Rb6 f6 38. Kf3 f5 39. Ke3 Rxb6 40.
Nxb6 Kc6 41. c4 Kd6 42. f4 g4 43. Nd5 Kd7 44. Kd3 Kd6 45. Kc3 Kd7 46. Ne3 Ke6
47. Kd3 h5 48. Ke2 1-0

[Event "4NCL9495 2nd Season"]
[Site "Various Venues"]
[Date "1994.11.26"]
[Round "3.8"]
[White "Buckley, Melanie"]
[Black "Adams, Diana"]
[Result "0-1"]
[WhiteElo "1605"]
[BlackElo "1845"]
[PlyCount "54"]
[EventDate "1994.10.01"]
[EventType "team-tourn"]
[EventRounds "11"]
[EventCountry "GBR"]
[SourceTitle "BritBase"]
[SourceDate "2020.05.17"]
[SourceVersion "1"]
[SourceVersionDate "2020.05.17"]
[SourceQuality "1"]
[WhiteTeam "Bristol"]
[BlackTeam "South Wales Dragons"]
[WhiteTeamCountry "ENG"]
[BlackTeamCountry "WLS"]

1. e4 c6 2. d4 d5 3. exd5 cxd5 4. Nf3 Bg4 5. Be2 e6 6. c3 Nf6 7. Nbd2 Bd6 8. h3
Bxf3 9. Nxf3 Nc6 10. Bg5 h6 11. Bxf6 gxf6 12. Qb3 Qc7 13. Nd2 O-O-O 14. O-O-O
Nxd4 15. Qa4 Nxe2+ 16. Kb1 Kb8 17. g3 Qxc3 18. Qg4 Qd3+ 19. Ka1 Nc3 20. Nb3
Nxd1 21. Rxd1 Qc2 22. Rd2 Qc7 23. Rd1 Rc8 24. Qa4 Be5 25. Rb1 Qc2 26. Qb4 Qxf2
27. Na5 Qb6 0-1

[Event "4NCL9495 2nd Season"]
[Site "Various Venues"]
[Date "1994.11.26"]
[Round "3.1"]
[White "Cummings, David H"]
[Black "Bates, Richard A"]
[Result "1/2-1/2"]
[WhiteElo "2375"]
[BlackElo "2355"]
[PlyCount "53"]
[EventDate "1994.10.01"]
[EventType "team-tourn"]
[EventRounds "11"]
[EventCountry "GBR"]
[SourceTitle "BritBase 17May2020"]
[SourceDate "2020.05.17"]
[SourceVersionDate "2020.05.17"]
[WhiteTeam "Slough"]
[BlackTeam "Covent Garden"]
[WhiteTeamCountry "ENG"]
[BlackTeamCountry "ENG"]

1. d4 Nf6 2. c4 g6 3. Nc3 Bg7 4. e4 d6 5. f3 O-O 6. Bg5 Nc6 7. Nge2 a6 8. Qd2
Bd7 9. h4 h5 10. Nd5 b5 11. O-O-O bxc4 12. g4 hxg4 13. Bxf6 exf6 14. h5 f5 15.
hxg6 fxg6 16. Nef4 Qg5 17. Bxc4 Rf7 18. Nc3 Nxd4 19. Kb1 g3 20. Bxf7+ Kxf7 21.
Rh7 c5 22. Nh5 Qxd2 23. Rxg7+ Kf8 24. Rxd2 Be8 25. Rg2 f4 26. Nxf4 Kxg7 27.
Rxg3 1/2-1/2

[Event "4NCL9495 2nd Season"]
[Site "Various Venues"]
[Date "1994.11.26"]
[Round "3.2"]
[White "Pigott, John C"]
[Black "Richardson, John R"]
[Result "1/2-1/2"]
[WhiteElo "2385"]
[BlackElo "2290"]
[PlyCount "82"]
[EventDate "1994.10.01"]
[EventType "team-tourn"]
[EventRounds "11"]
[EventCountry "GBR"]
[SourceTitle "BritBase 17May2020"]
[SourceDate "2020.05.17"]
[SourceVersionDate "2020.05.17"]
[WhiteTeam "Covent Garden"]
[BlackTeam "Slough"]
[WhiteTeamCountry "ENG"]
[BlackTeamCountry "ENG"]

1. d4 Nf6 2. c4 e6 3. Nc3 Bb4 4. Qc2 d5 5. cxd5 exd5 6. Nf3 Nc6 7. Bf4 Bg4 8.
a3 Bd6 9. Ne5 Bxe5 10. Bxe5 Nxe5 11. dxe5 Nd7 12. Nxd5 c6 13. Ne3 Be6 14. Qc3
Qg5 15. Rc1 Rd8 16. g3 Qxe5 17. Qxe5 Nxe5 18. Bg2 Ke7 19. f4 Ng4 20. Nc4 Bd5
21. O-O Bxg2 22. Kxg2 Rd4 23. Rf3 Rhd8 24. Rb3 R8d7 25. h3 Nh6 26. Ne5 Rc7 27.
Rxb7 Rxb7 28. Nxc6+ Kd6 29. Nxd4 Rxb2 30. Kf3 g6 31. Rc4 f5 32. g4 Kd5 33. Ra4
Rb1 34. gxf5 gxf5 35. Nxf5 Nxf5 36. e4+ Ke6 37. exf5+ Kxf5 38. Rxa7 Rb3+ 39.
Kg2 Kxf4 40. a4 Rb2+ 41. Kf1 h5 1/2-1/2

[Event "4NCL9495 2nd Season"]
[Site "Various Venues"]
[Date "1994.11.26"]
[Round "3.3"]
[White "Houska, Miroslav"]
[Black "Harley, Andrew D"]
[Result "1-0"]
[WhiteElo "2245"]
[BlackElo "2285"]
[PlyCount "59"]
[EventDate "1994.10.01"]
[EventType "team-tourn"]
[EventRounds "11"]
[EventCountry "GBR"]
[SourceTitle "BritBase 17May2020"]
[SourceDate "2020.05.17"]
[SourceVersionDate "2020.05.17"]
[WhiteTeam "Slough"]
[BlackTeam "Covent Garden"]
[WhiteTeamCountry "ENG"]
[BlackTeamCountry "ENG"]

1. d4 e6 2. Nf3 Nf6 3. Bg5 c5 4. e4 cxd4 5. e5 h6 6. Bd2 Ne4 7. Nxd4 Qb6 8. c3
Qxb2 9. Nb5 Bc5 10. Nd6+ Nxd6 11. exd6 Bxd6 12. Bc4 Qb6 13. Qg4 Be5 14. O-O Nc6
15. Be3 Qc7 16. Kh1 d5 17. Bb3 Bd7 18. Na3 a6 19. Rac1 O-O-O 20. f4 Bf6 21. Qf3
Na5 22. Qf2 Nxb3 23. axb3 Qd6 24. Bc5 Qc6 25. c4 d4 26. Bxd4 Bxd4 27. Qxd4 f6
$4 (27... Qxg2+ $1 $19) 28. Nb5 $1 $18 Kb8 29. Qa7+ Kc8 30. Qa8# 1-0

[Event "4NCL9495 2nd Season"]
[Site "Various Venues"]
[Date "1994.11.26"]
[Round "3.4"]
[White "Moore, Gerald"]
[Black "Webb, Richard M"]
[Result "1/2-1/2"]
[WhiteElo "2210"]
[BlackElo "2320"]
[PlyCount "87"]
[EventDate "1994.10.01"]
[EventType "team-tourn"]
[EventRounds "11"]
[EventCountry "GBR"]
[SourceTitle "BritBase 17May2020"]
[SourceDate "2020.05.17"]
[SourceVersionDate "2020.05.17"]
[WhiteTeam "Covent Garden"]
[BlackTeam "Slough"]
[WhiteTeamCountry "ENG"]
[BlackTeamCountry "ENG"]

1. e4 c5 2. Nc3 Nc6 3. g3 g6 4. d3 Bg7 5. Be3 d6 6. Qd2 Rb8 7. Bg2 b5 8. Nge2
b4 9. Nd1 e5 10. O-O Nge7 11. Bh6 O-O 12. Bxg7 Kxg7 13. Ne3 Nd4 14. f4 Nxe2+
15. Qxe2 f6 16. Rf2 Be6 17. Raf1 Qd7 18. f5 gxf5 19. exf5 Bf7 20. g4 Kh8 21. h4
Rg8 22. Bh3 Nd5 23. Nxd5 Bxd5 24. Kh2 Rbe8 25. Bg2 Qf7 26. b3 Bxg2 27. Rxg2 d5
28. g5 e4 29. g6 Qc7+ 30. Kh1 h6 31. g7+ Rxg7 32. Rxg7 Qxg7 33. Rg1 Qf8 34.
dxe4 Rxe4 35. Qh5 d4 36. Rg6 Kh7 37. Rg1 Qe8 38. Rg6 Re1+ 39. Kh2 Qe3 40. Rg2
Qf4+ 41. Rg3 Rh1+ 42. Kxh1 Qxg3 43. Qf7+ Qg7 44. Qe8 1/2-1/2

[Event "4NCL9495 2nd Season"]
[Site "Various Venues"]
[Date "1994.11.26"]
[Round "3.5"]
[White "Thompson, Ian D"]
[Black "Franklin, Michael J"]
[Result "1/2-1/2"]
[WhiteElo "2300"]
[BlackElo "2240"]
[PlyCount "60"]
[EventDate "1994.10.01"]
[EventType "team-tourn"]
[EventRounds "11"]
[EventCountry "GBR"]
[SourceTitle "BritBase 17May2020"]
[SourceDate "2020.05.17"]
[SourceVersionDate "2020.05.17"]
[WhiteTeam "Slough"]
[BlackTeam "Covent Garden"]
[WhiteTeamCountry "ENG"]
[BlackTeamCountry "ENG"]

1. c4 Nf6 2. Nc3 c5 3. g3 Nc6 4. Bg2 g6 5. e4 Bg7 6. Nge2 O-O 7. O-O Ne8 8. d3
Nc7 9. Be3 Ne6 10. Qd2 Re8 11. Bh6 Bh8 12. f4 d6 13. f5 Ned4 14. Nd5 Nxe2+ 15.
Qxe2 e6 16. fxg6 hxg6 17. Ne3 Ne5 18. Rf2 a6 19. Raf1 b5 20. h4 Ra7 21. Bf4 Rf8
22. Kh1 f5 23. b4 cxb4 24. exf5 gxf5 25. cxb5 axb5 26. d4 Ng6 27. Bg5 Bf6 28.
Bh6 Bg7 29. Bg5 Bf6 30. Bh6 Bg7 1/2-1/2

[Event "4NCL9495 2nd Season"]
[Site "Various Venues"]
[Date "1994.11.26"]
[Round "3.6"]
[White "Lyell, Mark"]
[Black "Smith, Andrew Philip"]
[Result "0-1"]
[WhiteElo "2260"]
[BlackElo "2280"]
[PlyCount "77"]
[EventDate "1994.10.01"]
[EventType "team-tourn"]
[EventRounds "11"]
[EventCountry "GBR"]
[SourceTitle "BritBase 17May2020"]
[SourceDate "2020.05.17"]
[SourceVersionDate "2020.05.17"]
[WhiteTeam "Covent Garden"]
[BlackTeam "Slough"]
[WhiteTeamCountry "ENG"]
[BlackTeamCountry "ENG"]

1. e4 e5 2. f4 d5 3. exd5 exf4 4. Nf3 c6 5. d4 Bd6 6. dxc6 Nxc6 7. Bc4 Nge7 8.
O-O O-O 9. Nc3 Ng6 10. Ne4 Bc7 11. c3 Bg4 12. Kh1 Rc8 13. Bb3 Bb8 14. Re1 Nh4
15. Qe2 Nxf3 16. gxf3 Bh3 17. Qb5 Qh4 18. Rg1 h6 19. Bd2 a6 20. Qxb7 Bf5 21.
Bd5 Rc7 22. Qxa6 Bc8 23. Qe2 Ne7 24. Qg2 Nf5 25. Be1 Qd8 26. Bf2 Kh8 27. Bb3
Rc6 28. Bc2 Rg6 29. Qf1 Qb6 30. Rxg6 fxg6 31. b4 Bb7 32. a4 Qc7 33. Qd3 Qd7 34.
Nc5 Ng3+ 35. Bxg3 Qh3 36. Nxb7 fxg3 37. Qe2 Rxf3 38. Qg2 Qf5 39. Bxf5 {I think
White lost on time!} 0-1

[Event "4NCL9495 2nd Season"]
[Site "Various Venues"]
[Date "1994.11.26"]
[Round "3.7"]
[White "Noyce, Robert C"]
[Black "Lazarus, Simon E"]
[Result "1/2-1/2"]
[WhiteElo "2190"]
[BlackElo "2088"]
[PlyCount "37"]
[EventDate "1994.10.01"]
[EventType "team-tourn"]
[EventRounds "11"]
[EventCountry "GBR"]
[SourceTitle "BritBase 17May2020"]
[SourceDate "2020.05.17"]
[SourceVersionDate "2020.05.17"]
[WhiteTeam "Slough"]
[BlackTeam "Covent Garden"]
[WhiteTeamCountry "ENG"]
[BlackTeamCountry "ENG"]

1. Nf3 Nf6 2. g3 g6 3. Bg2 Bg7 4. O-O O-O 5. d3 d6 6. c4 e5 7. Nc3 Nc6 8. Rb1
a5 9. a3 h6 10. b4 axb4 11. axb4 Be6 12. b5 Ne7 13. e4 Nd7 14. Nh4 Kh7 15. Nd5
c6 16. Nxe7 Qxe7 17. Be3 c5 18. Qb3 Nb6 19. Ra1 1/2-1/2

[Event "4NCL9495 2nd Season"]
[Site "Various Venues"]
[Date "1994.11.26"]
[Round "3.1"]
[White "McDonald, Neil R"]
[Black "Quillan, Gary"]
[Result "0-1"]
[WhiteElo "2460"]
[BlackElo "2305"]
[PlyCount "106"]
[EventDate "1994.10.01"]
[EventType "team-tourn"]
[EventRounds "11"]
[EventCountry "GBR"]
[SourceTitle "BritBase 17May2020"]
[SourceDate "2020.05.17"]
[SourceVersionDate "2020.05.17"]
[WhiteTeam "Invicta Knights"]
[BlackTeam "North West Eagles"]
[WhiteTeamCountry "ENG"]
[BlackTeamCountry "ENG"]

1. e4 e6 2. d4 d5 3. Nc3 Bb4 4. Nge2 Nf6 5. e5 Nfd7 6. a3 Be7 7. Nf4 c5 8. Bd3
cxd4 9. Nh5 g6 10. Nb5 gxh5 11. Qxh5 Nc5 12. O-O Nxd3 13. cxd3 Qb6 14. a4 a6
15. Nd6+ Bxd6 16. exd6 Qxd6 17. Bg5 Nc6 18. Bf6 Rg8 19. f4 Rg6 20. Bg5 Ne7 21.
Rac1 Bd7 22. Qxh7 Nf5 23. Rc7 Rxg5 24. fxg5 Qxc7 25. Qh8+ Ke7 26. Qxa8 Bc8 27.
h3 Ne3 28. Rf2 e5 29. b4 e4 30. Qa7 Nf5 31. b5 e3 32. Rxf5 Bxf5 33. Qxd4 Qc1+
34. Kh2 Qc7+ 35. Kg1 Qc1+ 36. Kh2 Qc7+ 37. Kg1 Qd6 38. Qxe3+ Qe6 39. Qc5+ Ke8
40. bxa6 bxa6 41. a5 Bxd3 42. Qd4 Be4 43. h4 Kf8 44. h5 Qg4 45. Qh8+ Ke7 46.
Qf6+ Ke8 47. Kf2 Qxg2+ 48. Ke1 Qg3+ 49. Ke2 Qh2+ 50. Ke3 Qh3+ 51. Kd4 Qd3+ 52.
Kc5 Qb5+ 53. Kd6 Qd7+ 0-1

[Event "4NCL9495 2nd Season"]
[Site "Various Venues"]
[Date "1994.11.26"]
[Round "3.2"]
[White "Littlewood, John Eric"]
[Black "Dickenson, Neil F"]
[Result "1/2-1/2"]
[WhiteElo "2310"]
[BlackElo "2315"]
[PlyCount "55"]
[EventDate "1994.10.01"]
[EventType "team-tourn"]
[EventRounds "11"]
[EventCountry "GBR"]
[SourceTitle "BritBase 17May2020"]
[SourceDate "2020.05.17"]
[SourceVersionDate "2020.05.17"]
[WhiteTeam "North West Eagles"]
[BlackTeam "Invicta Knights"]
[WhiteTeamCountry "ENG"]
[BlackTeamCountry "ENG"]

1. f4 g6 2. Nf3 Bg7 3. g3 b5 4. Bg2 Bb7 5. O-O e6 6. d3 Ne7 7. e4 O-O 8. Qe1 f5
9. Nc3 b4 10. Nd1 Nbc6 11. Kh1 a5 12. a3 Ba6 13. axb4 axb4 14. Nf2 Kh8 15. Ne5
Nxe5 16. fxe5 Nc6 17. exf5 gxf5 18. Bf4 Nd4 19. Qd2 Bb7 20. Nh3 Rxa1 21. Rxa1
c5 22. Rf1 Qa8 23. c3 Bxg2+ 24. Qxg2 Qxg2+ 25. Kxg2 Nc6 26. d4 cxd4 27. cxd4
Ra8 28. Rd1 1/2-1/2